Perspectiva Penal Actual

Bibliographic Details
Format: Book
Language:Spanish
Published: Bogot:̀ Universidad Mayor, 2012
Subjects:
Online Access:Acceso restringido

MARC

LEADER 00000nam a22000007a 4500
005 20140630180453.0
007 cr|||| ||||
008 140630c2012 co fr||s |||| 0|||b1spa d
035 |a 12228 
040 |a vLex 
090 |c 5008  |d 5008 
245 0 0 |a Perspectiva Penal Actual  |h [Recurso electrn̤ico]  
256 |a Servicio en ln̕ea 
260 |a Bogot:̀  |b Universidad Mayor,  |c 2012 
300 |a 1 recurso electrn̤ico 
310 |a Semestral 
506 1 |a Contenido solo disponible en los productos indicados  |d vLex Global  |d vLex Global (Academic Edition, excluding Law Schools)  |d vLex Global (U.S. Academic Edition, Law Schools)  |d vLex Global (U.S. Academic Edition, excluding Law Schools)  |d vLex Global (Academic Edition, Law Schools) 
650 0 4 |a Derecho penal  |z Colombia 
740 0 |a vLex Revistas (Servicio en ln̕ea) 
856 4 0 |u http://vlex.com/source/perspectiva-penal-actual-12228  |z Acceso restringido 
942 |c REV 
999 0 |a Criminal law